logo

Bir Sreshtho Munshi Abdur Rouf Library
Jhenaidah Cadet College

Aggregate economic analysis (Record no. 8616)

MARC details
000 -LEADER
fixed length control field 00747cam a2200277 4500
001 - CONTROL NUMBER
JCCL Control Number 8616
003 - CONTROL NUMBER IDENTIFIER
JCCL marc code BD-JhCC
005 - DATE AND TIME OF LATEST TRANSACTION
control field 20180228092708.0
008 - FIXED-LENGTH DATA ELEMENTS--GENERAL INFORMATION
fixed length control field 720303s1972 ilua b 001 0 eng
020 ## - INTERNATIONAL STANDARD BOOK NUMBER
International Standard Book Number 0030890365
035 ## - SYSTEM CONTROL NUMBER
system control number (BD-JhCC)8616
040 ## - CATALOGING SOURCE
Original cataloging agency DLC
Transcribing agency DLC
Modifying agency DLC
-- BD-JhCC
041 ## - LANGUAGE CODE
Language code of Book eng
050 00 - LIBRARY OF CONGRESS CALL NUMBER
Classification number HB171.5
Item number .M146 1972
082 00 - DEWEY DECIMAL CLASSIFICATION NUMBER
Classification number 339
Author mark and Year MCK 1972
100 1# - MAIN ENTRY--PERSONAL NAME
Personal name McKenna, Joseph P ,
Dates associated with a name 1922-
245 10 - TITLE STATEMENT
Title Aggregate economic analysis
Statement of responsibility, etc [by] Joseph P. McKenna.
250 ## - EDITION STATEMENT
Edition statement 4th ed.
260 ## - PUBLICATION, DISTRIBUTION, ETC. (IMPRINT)
Place of publication, distribution, etc Hinsdale, Ill.,
Name of publisher, distributor, etc Dryden Press
Date of publication, distribution, etc [1972]
300 ## - PHYSICAL DESCRIPTION
Pagination xiii, 269 p.
Other physical details illus.
Dimensions 24 cm.
504 ## - BIBLIOGRAPHY, ETC. NOTE
Bibliography, etc Includes bibliographies.
650 #0 - SUBJECT ADDED ENTRY--TOPICAL TERM
Topical term or geographic name as entry element Macroeconomics.
650 #0 - SUBJECT ADDED ENTRY--TOPICAL TERM
Topical term or geographic name as entry element Keynesian economics.
942 ## - ADDED ENTRY ELEMENTS (KOHA)
Source of classification or shelving scheme Dewey Decimal Classification
Koha item type Books
Holdings
Source of classification or shelving scheme Damaged status Not for loan Home library Current library Shelving location Total Checkouts Full call number Barcode Date last seen Copy number Koha item type
Dewey Decimal Classification     JCC Rouf Library JCC Rouf Library General Stacks   339 MCK 1972 11371 02/28/2018 C - 1 Books

JCC Library | Contacts | JCC Home

Last Update on 23 September 2017
Copyright @ 2017-2020 JCC Rouf Library
Rouf Library, Jhenidah Cadet College (JCC), Bangladesh